000 00503nam a2200181 i 4500
001 45590
003 ES-MaACL
005 20250721062603.0
007 t|
008 030326s1850 sp |||| | spa d
100 1 _aColmeiro, Manuel (
_d1818-1894)
_939768
245 1 0 _aPrincipios de economía política /
_cManuel Colmeiro.
260 _aMadrid :
_bG. Alhambra,
_c1850.
300 _a2 v. ;
_c16 cm.
650 0 7 _aEconomía
_2embne
_912006
852 _aES-MaACL
_jD-2753-54
999 _c45590
_d45590